| 000 | 00555nam a22001697a 4500 | ||
|---|---|---|---|
| 003 | OSt | ||
| 005 | 20251117093404.0 | ||
| 008 | 251117b |||||||| |||| 00| 0 eng d | ||
| 020 | _a0030036720 | ||
| 040 | _cHOLT, RINEHART AND WISTON | ||
| 050 |
_aTH 4817.3 .H677 1985 _b.H677 1985 |
||
| 245 |
_aHOW THINGS WORK IN YOUR HOME,AND WHAT TO DO WHEN THEY DONT/ _cPORTER, JOHN PAUL |
||
| 250 | _a1ST EDITION | ||
| 260 |
_aNEWYORK: _bHOLT,RINEHART AND WINSTON, _c1985 |
||
| 300 |
_a368 pages, _bhardcover, ill.:som col, includes index, _c25.7cm |
||
| 942 |
_2lcc _cBK _n0 |
||
| 999 |
_c9818 _d9818 |
||